000 00670nam a22002057a 4500
005 20251108172242.0
008 250721s1984 xx 000 0 ara d
082 1 4 _a810.903/خفا
100 1 _aخفاجي، محمد عبد المنعم
245 1 0 _aالحياة الأدبية في عصر صدر الإسلام /
250 _aط3
264 1 _aبيروت :
_bدار الكتاب اللبناني ، مكتبة المدرسة،
_c1984.
300 _a236ص
650 1 7 _aالأدب العربي
650 1 7 _aالتاريخ الأدبي
650 1 7 _aالنقد الأدبي
650 1 7 _aعصر صدر الإسلام
942 _2ddc
_cBK
999 _c74256
_d74256